| 000 -LEADER |
| fixed length control field |
00403nam a22001577a 4500 |
| 008 - FIXED-LENGTH DATA ELEMENTS--GENERAL INFORMATION |
| fixed length control field |
150601b xxu||||| |||| 00| 0 eng d |
| 020 ## - INTERNATIONAL STANDARD BOOK NUMBER |
| International Standard Book Number |
9781444154627 |
| 041 0# - LANGUAGE CODE |
| Language code of text/sound track or separate title |
eng |
| 080 ## - UNIVERSAL DECIMAL CLASSIFICATION NUMBER |
| Universal Decimal Classification number |
141.332 |
| 100 ## - Rafti |
| Rafti |
Sardar, Ziauddin |
| 245 00 - TITLE STATEMENT |
| Title |
Muhammad : |
| 260 ## - |
| -- |
United Kingdom ; |
| -- |
2012 |
| 300 ## - |
| -- |
154 f. : |
| -- |
me il. ; |
| -- |
17.7 cm |
| 650 #0 - |
| -- |
Teologji |
| -- |
Feja Islame |
| 942 ## - ADDED ENTRY ELEMENTS (KOHA) |
| Source of classification or shelving scheme |
|
| Item type |
Books |